Statistiques concernant Mathématiques par lettre - G

Cliquez ici pour prendre le quiz!

Statistiques générales

  • Ce quiz a été pris 230 fois
  • Le résultat moyen est 8 sur 14

Statistiques - réponses

HintRéponse% Correct
Étude des relations entre points, droites, cercles, ...Géométrie
94%
Signification du "G" dans PGCDGrand
92%
Les lettres de cet alphabet sont fréquemment utilisées en mathématiquesGrec
91%
Facteur multiplicatif par 10^9Giga
81%
Dessin d'une courbe dans un système d'axesGraphique
71%
Théorème stipulant que, pour tout a et b deux nombres premiers entre eux, si a divise b*c alors il divise cGauss
67%
Dessin fait de segments, orientés ou non, reliés à des points dits sommetsGraphe
61%
Théorème affirmant que la limite d'une fonction encadrée par deux fonctions de même limite L, a pour limite LGendarmes
60%
Ensemble avec une loi de composition interne associative, possédant un élément neutre et telle que tout élément admette un symétrique pour cette loiGroupe
55%
Division régulière d'un axeGraduation
53%
Mathématicien mort très jeune, qui a mis en évidence la notion de groupe à travers la théorie qui porte son nomGalois
37%
Taux de variation d'une grandeurGradient
19%
Algorithme direct qui permet l'obtention du résultat sans souci d'optimisationGlouton
14%
Un des segments qui joint le sommet d'un cône à tous point du disque de baseGénératrice
8%

Distribution des résultats

Percentile par nombre de réponses

% des personnes avec chaque résultat

Votre développement - résultats

Vous n’avez pas pris ce quiz